000 01303nam a2200229Ia 4500
003 Ost
005 20260507075358.0
008 260507s9999||||xx |||||||||||||| ||und||
040 _cfsecg
041 _aara
082 _a330
100 _aطلعت، إبراهيم
_eمؤلف
245 0 _aالقواعد الإقتصادية في إنشاء وتطوير المدن الجديدة /
_c إبراهيم طلعت
260 _aالقاهرة:
_bدار الكتاب الحديث,
_c2011
300 _a360 صفحة؛
_bإيضاحات ؛
_c24 سم
504 _aالمراجع ص.333
520 _aتاريخ ودوافع انشاء المدن الجديدة- مفهوم المدن الجديدة في اطار سياسة المجتمعات العمرانية الجديدة- القاعدة الإقتصادية والنمو السكاني للمدن الجديدة- الحجم الامثل للمدينة الجديدة- تمويل استثمارات المدن الجديدة- اطار نظري لدراسة جدوى انشاء المدن الجديدة- برنامج انشاء المدن الجديدة في جمهورية مصر العربية
653 _aالإقتصاد
653 _aالتخطيط الإقتصادي
653 _aالتنمية الإقتصادية
942 _cكتاب
999 _c44252
_d44252